| 000 | 00988nam a22003737a 4500 | ||
|---|---|---|---|
| 005 | 20240311135701.0 | ||
| 008 | 170713b xxu||||| |||| 00| 0 spa d | ||
| 020 | _a9788420532127 | ||
| 041 | _aESP | ||
| 082 | _a658.81 C172d | ||
| 100 | _aCámara Ibáñez, Dionisio | ||
| 100 | _aSanz Gómez, María | ||
| 245 | _aDirección de ventas: vender y fidelizar en el nuevo milenio | ||
| 260 | _aEspaña | ||
| 260 | _bPearson Educación | ||
| 260 | _c2001 | ||
| 300 | _a298 páginas | ||
| 650 | _aVENTAS | ||
| 650 | _aADMINISTRACIÓN DE VENTAS | ||
| 650 | _aVENDEDORES | ||
| 650 | _aARTE DE VENDER | ||
| 650 | _aCOMUNICACIÓN | ||
| 650 | _aMARKETING | ||
| 650 | _aRELACIONES CON EL CLIENTE | ||
| 650 | _aNECESIDADES DE LOS CLIENTES | ||
| 650 | _aESTRATEGIAS DEL PRODUCTO | ||
| 650 | _aPOSICIONAMIENTO EMPRESARIAL | ||
| 650 | _aFASES DE LA VENTA | ||
| 650 | _aSERVICIO AL CLIENTE | ||
| 942 |
_cBK _2ddc |
||
| 999 |
_c9632 _d9632 |
||